| 000 | 02032nam0a2200421 4500 | ||
|---|---|---|---|
| 001 | RU\NLR\bibl\1494006 | ||
| 005 | 20260405221017.0 | ||
| 010 |
_a978-5-91718-030-4 _91000 |
||
| 021 |
_aRU _b2010-9756 _9643 |
||
| 035 | _a(nilc)RSL-KNO-004581524 | ||
| 035 | _a(NLR Aleph) 001485528 | ||
| 090 |
_a1730628 _c1730628 |
||
| 100 | _a20100212d2009 |||y0rusy50 ca | ||
| 101 | 1 |
_arus _aeng _ceng _deng |
|
| 102 | _aRU | ||
| 105 | _ay ||||||||| | ||
| 200 | 1 |
_aПрофессорские рецепты успеха в предпринимательской кухне _dThe professor's recipes of success in enterpreneurial kitchen _fпроф. Джерри С. Остерьянг, проф. Олег З. Хуажев _zeng |
|
| 210 |
_aКраснодар _cИзд. дом - Юг _d2009 |
||
| 215 |
_a278, [1] с. _d20 |
||
| 300 | _aАвт. также на англ. яз.: prof., Jerome S. Osteryoung, prof., Oleg Z. Khuazhev | ||
| 300 | _aТекст парал. на англ. яз. | ||
| 510 | 1 |
_6z45790 _aThe professor's recipes of success in enterpreneurial kitchen _zrus |
|
| 606 | 1 |
_aПредпринимательство _yРоссийская Федерация _92073455 _3RU\NLR\auth\661248355 |
|
| 606 | 1 |
_aПредпринимательство _yСоединенные Штаты Америки _91113188 _3RU\NLR\auth\66120292 |
|
| 686 |
_aУ9(2)29,0 _2rubbk |
||
| 686 |
_aУ9(7США)29,0 _2rubbk |
||
| 686 | _aУ9(2)-13(2Р) | ||
| 686 | _aУ9(7США)-13 | ||
| 700 | 1 |
_4070 _8rus _7ca _aОстерьянг _bД. С. _gДжерри С. _3RU\NLR\auth\7799381 _982307 |
|
| 701 | 1 |
_4070 _8rus _7ca _aХуажев _bО. З. _gОлег Закиреевич _3RU\NLR\auth\7799373 _982299 |
|
| 790 | 1 |
_4070 _8eng _7ba _aOsteryoung _bJ. S. _gJerry S. _3RU\NLR\auth\7799382 _982308 |
|
| 790 | 1 |
_4070 _8rus _7ba _aChuažev _bO. Z. _gOleg Zakireevič _3RU\NLR\auth\7799375 _982301 |
|
| 801 | 0 |
_aRU _bРГБ _c20100212 _grcr |
|
| 801 | 1 |
_aRU _bРГБ _c20100212 |
|
| 801 | 2 |
_aRU _bNLR _c20100402 _grcr |
|
| 942 | _cBOOK | ||
| 980 | _aNB | ||